[Event "Biel GM 43rd"]
[Site "Biel"]
[Date "2010.07.27"]
[Round "8"]
[White "Vachier Lagrave, Maxime"]
[Black "Rodshtein, Maxim"]
[Result "1-0"]
[WhiteElo "2723"]
[BlackElo "2609"]
[Annotator "Krasenkow,M"]
[PlyCount "107"]
[EventDate "2010.07.19"]
[EventType "tourn"]
[EventRounds "9"]
[EventCountry "SUI"]
[EventCategory "17"]
[SourceTitle "CBM 138"]
[Source "ChessBase"]
[SourceDate "2010.09.17"]
[SourceVersion "1"]
[SourceVersionDate "2010.09.17"]
[SourceQuality "1"]

1. d4 Nf6 2. c4 g6 3. Nc3 d5 4. cxd5 Nxd5 5. g3 Bg7 6. Bg2 Nb6 7. Nf3 O-O 8.
O-O Nc6 9. d5 Na5 10. e4 c6 11. Bf4 cxd5 12. Nxd5 (12. exd5 {is much more
common.}) 12... Nxd5 (12... Bg4 $5 13. h3 Bxf3 14. Qxf3 Nxd5 15. Rad1 Nxf4 16.
Rxd8 Nxh3+ 17. Bxh3 Rfxd8 18. Qe2 Nc6 $44 {1/2 Narkun,M (2197)-Kireev,S (2295)/
Lechenicher SchachServer 2009/Telechess CBM 137 (44)}) (12... Nac4 $5) 13. exd5
Nc4 (13... Bxb2 14. Rb1 Bg7 15. Rc1 b6 16. Bc7 Qd7 17. Ne5 Bxe5 18. Bxe5 Bb7
19. Rc7 Qd8 20. Bf4 Rc8 21. d6 Rxc7 22. dxc7 Qc8 23. Qa4 Bxg2 24. Kxg2 Nb7 25.
Qxa7 g5 26. Bxg5 Qxc7 27. Rc1 $16 {1/2 Schiller,W (2212)-Krueger,H (2239)/LSS
2006/Telechess CBM 123 (50)}) (13... Bg4 $5 14. Rc1 e5 15. dxe6 Bxe6 16. Qxd8 {
1/2 Tkachiev,V (2650)-Vachier Lagrave,M (2703)/Nimes 2009/CBM 132}) 14. Qb3 {
[%csl Gb3]} (14. b3 Nb6 15. d6 Bxa1 (15... exd6 16. Bxd6 Bxa1 17. Bxf8 Qxd1 18.
Rxd1 Kxf8 19. Rxa1 a5 20. Ng5 a4 21. bxa4 h6 22. Ne4 Rxa4 23. Nc5 Ra7 24. Re1
Rxa2 25. Bxb7 {1/2 Itkis,B (2476)-Miroshnichenko,E (2571)/Noyabrsk 2003/CBM 099
}) 16. dxe7 Qxe7 17. Bd6 Qf6 18. Bxf8 Bc3 19. Bh6 Bg4 20. h3 {1/2 Cunningham,
W-Ree,H/Ventura 1971/EXT 1998}) (14. Qe2 Nb6 15. Rfd1 Nxd5 16. Bg5 h6 17. Ne5
hxg5 18. Bxd5 Qb6 19. Rac1 e6 20. Bb3 Qa5 $2 (20... Rd8 $13) 21. Nxg6 fxg6 22.
Rxc8 Raxc8 23. Qxe6+ {1-0 Bradford,J (2442)-Mirabile,T (2192)/Connecticut 2007/
CBM 117 ext}) 14... Nd6 (14... Nxb2 $6 {[%csl Rb2]} 15. Be5 Qb6 16. Bxg7 Qxb3
17. axb3 Kxg7 18. Rfe1 Nd3 (18... Kf6 19. Ne5 Bf5 20. Re3 $1 Rfd8 21. g4 Bc2
22. g5+ Kg7 23. Ra2 Nd1 24. Rf3 Bf5 25. Rd2 f6 26. gxf6+ exf6 27. Nc4 $16 {
1-0 Leitao,R (2620)-Santos,M (2394)/Campinas BRA 2010/The Week in Chess 793 
(36)}) 19. Rxe7 Rd8 20. h4 Rd7 21. d6 Rxd6 22. Ng5 Rf6 23. Bd5 Nxf2 24. Kg2 h6
25. Nxf7 Kf8 26. Rae1 Bh3+ 27. Kh2 Bf5 28. Nxh6 $16 {1/2 Szabo,V-Lahdenmaeki,L/
LSS 2007/Telechess CBM 129 (44)}) (14... Nb6 $5 15. Rfd1 (15. Rad1 $5 Bd7 16.
d6 $1) 15... Bd7 16. a4 Qe8 17. Re1 Bxa4 18. Qa3 Qb5 19. Be5 Qxd5 20. Ng5 Qb3
21. Qxb3 Bxb3 22. Bxb7 Rad8 23. Bxg7 Kxg7 24. Rxe7 Rfe8 25. Rxe8 Rxe8 26. Ne4
Re7 27. Nc5 Bd5 28. Bxd5 Nxd5 29. Rd1 Nb4 {1/2 Grachev,B (2668)-Dvoirys,S 
(2569)/Irkutsk RUS 2010/The Week in Chess 825}) 15. Rfe1 Bf6 $146 (15... Re8
16. Be5 $5 (16. Ng5 $6 Bf5 17. Ne4 Bxe4 18. Bxe4 Qb6 $1 $15 {0-1 Cabello
Fernandez,E (2134)-Paunovic,D (2517)/Campillos 2004/CBM 098 ext (53)})) 16. Be5
Qa5 17. Bc3 (17. Bxf6 exf6 $11 {[%cal Yc8d7,Yf8d8] Black gets rid of his
weakness on e7, and the double f-pawns are not too painful for him.}) 17...
Bxc3 18. bxc3 Re8 $11 {White has greater board room, and Black's e7-pawn is
weak; on the other hand, White has his own weakness (c3). In general, the
posicion is dynamically balanced.} 19. c4 $6 {A loss of time. Black now starts
attacking this pawn.} (19. Ne5 $142 Bf5 $140 (19... f6 20. Nc4) (19... Qc5 $5
20. Rac1) 20. g4) 19... Bf5 20. Ne5 f6 21. g4 $5 (21. Nd3 Qa6 22. Rac1 Rac8 $15
{[%csl Rc4]}) 21... Bc8 22. Nd3 b6 23. g5 $5 Bd7 $6 {After this passive move
White's counterplay becomes serious.} (23... Ba6 {was more aggressive, winning
the c4 pawn with dubious compensation for White.}) 24. Qb2 $1 fxg5 $6 (24...
Bf5 25. Nb4 $1 Nxc4 26. Qb3 {[%cal Rb3c4,Rb4c6]} Nd2 $2 27. Qc3) (24... Nxc4
$142 $1 25. Qd4 Nd6 26. gxf6 Nf5 27. f7+ $1 (27. Qe5 exf6 28. Qxf6 Rxe1+ 29.
Rxe1 Rf8 30. Qb2 Nd6 $15) 27... Kxf7 28. Ne5+ Kg8 29. Qg4 Rad8 $13) 25. Ne5
Rad8 (25... Qa4 $142 {, not allowing the white bishop to h3; however, White
keeps the initiative after} 26. Qc1 g4 27. Qg5 $36) 26. Nxd7 Rxd7 27. Bh3 {
[%csl Gh3]} Nf5 (27... Rc7 28. Be6+ Nf7 29. Re4 $40 {[%cal Yf2f4,Ya1f1,Yh2h4]})
28. Bxf5 gxf5 29. Re5 $16 {[%csl Rg8][%mdl 128]} Rd6 30. Rae1 Qa4 31. Qe2 Qd7
32. Qh5 (32. Rxe7 $144 Rxe7 33. Qxe7 $16 {The rook endgame, with the black
king cut off on the 8th rank, is clearly better for White. But he prefers to
attack.}) 32... Rg6 (32... Rf6 $5 33. Re6 Rf7 34. d6 $1 $16) 33. Re6 Kg7 (33...
Rg7 34. d6) 34. R1e3 f4 35. Rh3 (35. R3e5 $142 $18 {[%cal Re5g5]}) 35... Rxe6
$6 (35... Rg8 $8 36. Qxh7+ Kf8 37. Rh6 $1 R8g7 $1 38. Qxg6 Rxg6 39. Rhxg6 $16)
36. Qxh7+ Kf6 37. Rh6+ Ke5 38. Rxe6+ $18 {The black king can't survive in the
centre.} Kd4 39. Qf5 (39. Qe4+ $142 Kc3 (39... Kc5 40. Rc6+ Kb4 41. Qf3 $18)
40. Qf3+ Kb4 (40... Kd4 41. Re4+ Kc5 42. Qa3#) 41. Rc6 $18) 39... Qa4 40. Re4+
Kc5 41. d6+ e5 42. Rxe5+ Kxd6 43. c5+ bxc5 44. Qf6+ Kc7 45. Qf7+ Kd8 46. Qd5+
Kc7 47. Qxc5+ Kb7 48. Qd5+ Kb6 49. Rxg5 Qc6 50. Qxc6+ {The simplest. The rook
endgame is absolutely hopeless for Black.} Kxc6 51. h4 f3 52. h5 Re4 53. Kh2
Ra4 54. Kg3 1-0

[Event "Beijing FIDE GP"]
[Site "Beijing"]
[Date "2013.07.09"]
[Round "5"]
[White "Wang, Hao"]
[Black "Topalov, Veselin"]
[Result "1/2-1/2"]
[WhiteElo "2752"]
[BlackElo "2767"]
[Annotator "Krasenkow,M"]
[PlyCount "98"]
[EventDate "2013.07.04"]
[EventType "tourn"]
[EventRounds "11"]
[EventCountry "CHN"]
[EventCategory "21"]
[SourceTitle "CBM 156"]
[Source "ChessBase"]
[SourceDate "2013.09.17"]
[SourceVersion "1"]
[SourceVersionDate "2013.09.17"]
[SourceQuality "1"]

1. d4 Nf6 2. c4 g6 3. g3 Bg7 4. Bg2 d5 5. cxd5 Nxd5 6. Nf3 O-O 7. O-O Nb6 8.
Nc3 Nc6 9. e3 e5 10. d5 Na5 11. Nd2 {A rare, old-fashioned but quite possible
continuation.} (11. e4 {is the main line.}) 11... f5 (11... Qe7 12. Rb1 (12. a4
Rd8 13. Nb3 Nbc4 14. Nxa5 Nxa5 15. Qc2 Bf5 16. e4 Bd7 17. b3 c5 18. Nd1 b6 19.
Nb2 Nb7 20. Nc4 {1/2 (20) Sher,M (2400)-Gavrikov,V (2545) Prague 1988}) (12. e4
$5 c6 13. b3) 12... Nac4 13. e4 Nd6 14. b3 f5 15. a4 Bd7 16. Ba3 Rae8 17. Qe2
Nbc8 18. Rbc1 Rf7 19. Rc2 $14 {1-0 (73) Blagojevic,D (2514)-Benderac,S (2307)
Neum 2004}) ({The unforced} 11... Nac4 {is premature:} 12. b3 (12. Qe2 Nd6 13.
a4 f5 14. a5 Nd7 15. e4 Nf6 16. Rd1 $14 fxe4 $6 17. Ndxe4 Nf5 18. Bg5 Nd4 19.
Qc4 Kh8 {1-0 (45) Suba,M (2510)-Reinaldo Castineira,R (2345) Dos Hermanas 2000}
20. f4 $1 $18) (12. Nxc4 Nxc4 13. e4 Bd7 14. Qb3 b5 15. Nxb5 Rb8 16. Qxc4 Bxb5
17. Qc2 Bxf1 18. Bxf1 f5 19. Be3 $14 {1-0 (29) Kharitonov,A (2540)-Aubel,J 
(2260) Berlin 1997}) 12... Nd6 13. e4 f5 14. a4 a5 15. Qe2 Bd7 16. Nc4 Nbxc4
17. bxc4 fxe4 18. c5 Nf5 19. Qc4 Nd4 20. Nxe4 $14 {1/2 (40) Grynszpan,M (2320)
-Servat,R (2285) Buenos Aires 1988}) (11... c6 {is the simplest and probably
best:} 12. b4 (12. Nb3 Nxd5 (12... Nxb3 $143 13. Qxb3 cxd5 14. Nxd5 Nxd5 15.
Bxd5 Rb8 16. e4 $14 {1-0 (39) Blagojevic,D (2527)-Radic,B (2100) Zenica 2004})
13. Nxd5 cxd5 14. Qxd5 (14. Nxa5 Qxa5 15. Qxd5 Qb6) 14... Nxb3 15. axb3 Qe7 $11
) (12. dxc6 Nxc6 13. Nde4 Qe7 14. Qd6 Rd8 (14... Qxd6 15. Nxd6 Rd8 16. Rd1 Bf8
17. Nxc8 Raxc8 18. Kf1 Bb4 19. Nd5 f5 20. Ke2 e4 $11 {0-1 (47) Sofrigin,A 
(2320)-Balinov,I (2450) Schwarzach 1998}) 15. Qxe7 Nxe7 16. Nc5 Nc6 17. Rb1 Bf8
18. b4 Nxb4 19. Nxb7 Bxb7 20. Bxb7 Rab8 21. Bg2 Nd3 $132 {1/2 (79) Mascarinas,
R (2395)-Rogers,I (2355) Hong Kong 1982}) 12... Nac4 (12... e4 13. bxa5 Bxc3
14. axb6 (14. Ba3 $5) 14... Bxa1 15. Ba3 Bg7 16. Bxf8 Qxf8 17. Bxe4 axb6 18.
Qb1 cxd5 19. Bxd5 Qd6 20. Qb3 $14 {1-0 (41) Appel,R (2320)-Schulze,E Germany
1989}) 13. dxc6 (13. Nxc4 $5 Nxc4 14. Qe2 cxd5 15. Bxd5 Nb6 16. e4) 13... e4
14. Qc2 bxc6 $13 {R.Dautov} 15. Ndxe4 $140 Bf5 $44) {After the text move it
will be difficult for Black to push ...c7-c6, and White keeps an edge.} 12. e4
$1 (12. Qe2 $143 e4 13. Rd1 Bd7 14. Rb1 Qe7 15. f3 exf3 16. Bxf3 Rae8 $15 {
0-1 (93) Fancsy,I (2406)-Zarnicki,P (2536) Dos Hermanas 2003}) 12... Nac4 13.
Na4 (13. b3 $142 $1 Nxd2 (13... Nd6 14. a4) 14. Qxd2 $14 {Dautov,R (2495)
-Ragozin,E (2275) USSR 1987}) 13... Nd6 (13... Nxd2 $5 14. Bxd2 fxe4 15. Nxb6
axb6 16. Bb4 Rf7 17. Bxe4 Bh3 18. Re1 Bf8 $11) 14. Nc5 a5 15. b3 Qe7 16. a4 Rd8
17. Ba3 Qf7 18. Rc1 $1 $14 {[%cal Gc1c7] A good move with a wrong idea!} fxe4
19. Ndxe4 Nxe4 20. Nxe4 Nxd5 $2 (20... Rxd5 21. Qc2 {[%cal Rc2c7,Re4g5]} c6 (
21... Bh6 22. f4 $1) 22. Nd6 $14) (20... Bf5 21. d6 $1 Bxe4 22. Bxe4 cxd6 23.
Bg2 $36) 21. Nd6 $2 {[%mdl 64]} ({Black would be in trouble after} 21. Bd6 $3 {
[%cal Rd6c7,Re4g5] (indicated by several commentators)} {e.g.} Bh6 (21... cxd6
22. Ng5) (21... h6 22. Bxc7 Bg4 23. Qxg4 Nxc7 24. Rfd1 $16) 22. Bxc7 $1 Bg4 (
22... Rd7 23. Bxe5 Bxc1 24. Qxc1 {keeping decisive threats}) 23. Qxg4 Nxc7 24.
Ng5 Qe7 25. Qc4+ Kg7 26. Qxc7 Bxg5 27. Qxe7+ Bxe7 28. Bxb7 $16) 21... cxd6 22.
Rxc8 Nf6 23. Rxa8 Rxa8 24. Re1 $44 {Still, a strong bishop pair gives White a
good compensation for the pawn.} Re8 25. Bb2 Qc7 26. Qd3 Qb6 27. Rd1 (27. Qc4+
$142 $1 Kh8 28. Rd1) 27... e4 28. Qxd6 Qxb3 29. Qd4 Rf8 $2 (29... Qf7 30. Bf1
Ng4 31. Qxg7+ Qxg7 32. Bxg7 Kxg7 33. Rd7+ Kh6 34. Be2 Nf6 35. Rxb7 Rc8 $132) (
29... Re7 $5 30. Bf1 Nd5 $1 31. Qxd5+ Qxd5 32. Rxd5 Bxb2 $11) 30. Bf1 $2 (30.
Bxe4 $16 {^^ was simple and strong.}) 30... Kh8 31. Rd2 h5 32. Bg2 Re8 33. h3
Kh7 34. Qc3 Qxc3 35. Bxc3 e3 36. Re2 exf2+ 37. Kf1 Rc8 38. Bxa5 Rc4 39. Re7
Rxa4 40. Bc3 Kg8 41. Rxb7 {White has regained the pawn but the position has
totally simplified.} Ra6 42. Rb8+ Kh7 43. Rb7 Kg8 44. Bd4 Ra4 45. Bb2 Ra6 46.
Kxf2 Rd6 47. Ke2 Rd7 48. Bxf6 Rxb7 49. Bxb7 Bxf6 1/2-1/2

[Event "EU-chT (Men) 15th"]
[Site "Gothenburg"]
[Date "2005.07.30"]
[Round "1.2"]
[White "Mamedyarov, Shakhriyar"]
[Black "Kristjansson, Stefan"]
[Result "1-0"]
[WhiteElo "2646"]
[BlackElo "2459"]
[Annotator "Krasenkow,M"]
[PlyCount "75"]
[EventDate "2005.07.30"]
[EventType "team-swiss"]
[EventRounds "9"]
[EventCountry "SWE"]
[SourceTitle "CBM 109"]
[Source "ChessBase"]
[SourceDate "2005.11.14"]
[SourceVersion "1"]
[SourceVersionDate "2005.11.14"]
[SourceQuality "1"]
[WhiteTeam "Azerbaijan"]
[BlackTeam "Iceland"]
[WhiteTeamCountry "AZE"]
[BlackTeamCountry "ISL"]

1. d4 Nf6 2. c4 g6 3. Nf3 Bg7 4. g3 O-O 5. Bg2 d5 6. cxd5 Nxd5 7. O-O Nb6 8.
Nc3 Nc6 9. d5 Na5 10. Qc2 Bd7 {A preparatory, developing move.} (10... c6 {and}
) (10... Nxd5 {are more popular.}) 11. Rd1 {Otherwise ...c7-c6 gives Black a
good position:} (11. Bg5 h6 12. Bf4 c6 13. d6 Nac4 14. dxe7 Qxe7 15. Rad1 Qb4
$36 {0-1 Adrian,C-Kjeldsen,J/Lyngby 1989/EXT 97 (41)}) (11. Bf4 c6 12. d6 (12.
Ne5 cxd5 13. Nxd7 Qxd7 14. Nxd5 $2 Nxd5 15. Rad1 Nb4 16. Qc5 Qa4 {0-1 Damm,
F-Keller,M/Bad Woerishofen 2000/CBM 075 ext (31)}) 12... Nac4 13. dxe7 Qxe7 14.
Rad1 Rfe8 (14... Qb4 $5) 15. b3 Ne5 16. Ne4 Nxf3+ 17. exf3 Nd5 {0-1 Hoffmann,
U-Koscielski,J/Bad Zwesten 1998/EXT 2000 (71)}) 11... Qc8 (11... Rc8 $6 12. Nd4
(12. Qe4 $5 Nac4 13. Qh4 Nd6 14. e4 Nbc4 15. Bh6 f6 16. Bxg7 Kxg7 17. b3 Ne5
18. Nxe5 fxe5 19. Qg5 Nf7 20. Qe3 $16 {1/2-1/2 David,V-Simonenko,S/Condom FRA
2005/The Week in Chess 558 (58)}) 12... Qe8 13. Nb3 Nxb3 14. axb3 c6 15. Rxa7
cxd5 16. Be3 Bf5 17. Qd2 Qc6 18. Nxd5 $16 {1-0 Lagowski,P-Walek,M/Brno 2004/
CBM 101 ext (34)}) 12. b3 {A seemingly modest move but White has a nice idea
in mind.} (12. Bg5 $5 Re8 13. Rac1 c6 (13... Bf5 14. e4 Bg4 15. b3 c5 16. Qd2
Nd7 17. h3 Bxf3 18. Bxf3 b6 19. Bg2 $14 {1/2-1/2 Khasin,A-Ragozin,E/Elista
1994/CBM 044 (54)}) 14. b3 Bh3 15. Qd2 Bxg2 16. Kxg2 Qd7 17. e4 cxd5 18. Nxd5
Nc6 19. Nxb6 (19. Qf4 $1 $16) 19... Qxd2 20. Rxd2 {1/2-1/2 Grabarczyk,
B-Svidler,P/Warsaw 1999/EXT 2002}) (12. Qe4 $5 Re8 13. Qh4 Nac4 14. Bh6 Bh8 15.
Rac1 Nxb2 16. Rd4 c5 17. Rf4 e5 18. dxe6 Bxe6 $13 {1/2-1/2 Pigusov,
E-Ayapbergenov,A/Komotini 1993/TD (46)}) 12... c6 13. d6 $1 exd6 14. Ba3 c5 15.
Rxd6 {Black's problem is that the white a3 bishop prevents ...Na5-c6. Black
can play ...c4 b4 Nc6, of course, but then the d4 square won't be available
for his knight.} Re8 (15... Bf5 $142 $1 16. e4 Bg4) 16. Rad1 Bf5 (16... Bf8 17.
Ne4 $1 $16) 17. Qc1 {that's the difference!} c4 (17... Nc6 18. Bxc5 Bf8 {
was possible but even if Black takes the exchange after, say,} 19. Qf4 {
, his position will be compromised.}) 18. b4 Nc6 19. b5 Ne5 20. Nxe5 Bxe5 21.
R6d2 a6 22. bxa6 Rxa6 23. Bb2 {[%csl Rb6][%cal Gd1d8,Ga1h8] Black has
apparently freed his game but White still holds the major trumps: the d-file
and the a1-h8 diagonal. Pay attention to the poor position of the black knight!
} Ra5 24. Rd6 $1 {[%mdl 512] Excellent! This bishop, protecting the main
diagonal, is certainly worth a rook!} Bxd6 (24... Nd7 {was possible but White
could continue torture by} 25. R6d5) ({or} 24... Qc7 25. Qe3 Nc8 26. R6d5) 25.
Rxd6 Qc7 26. Qf4 Rae5 (26... f6 27. Qd4 Nd7 28. Bd5+ Kg7 29. Nb5 $1 Qd8 (29...
Rxb5 30. Rxd7+ $1) 30. Bxc4 $16) 27. Qd4 {[%cal Od6b6,Cb6c8,Cc7d6,Rf2f4]} (27.
Ne4 $142 $1 Rxe4 (27... Bxe4 28. Bxe5 Bxg2 29. Rxg6+ hxg6 30. Bxc7 Nd5 31. Qxc4
$18) 28. Bxe4 {[%cal Cb6c8,Cc7d6,Re4f5,Rd6g6] with decisive threats.}) 27...
Nc8 28. Rd5 f6 29. f4 R5e6 30. Rc5 Qd6 31. Bd5 Kg7 (31... Nb6 32. g4 $1 Bc2 33.
Nb5 Qf8 34. Rxc4 $1 $16 Nxd5 35. Qxd5 Bb1 36. Rc8 $1 Rxc8 37. Qxe6+ Kg7 38. g5
$18) 32. Nb5 Qd8 $2 {Defense in such positions is always difficult.} (32... Qb6
$1 {was the only way to fight on although after, say,} 33. Bxe6 ({or} 33. Nc7
Rxe2 34. Nxe8+ Rxe8 35. Bxc4 $16) 33... Rxe6 (33... Qxe6 34. e4 $1 $18 {
[%cal Cf5e4,Rb5c7]}) 34. Rc7+ Kh6 35. Qxb6 (35. a4 $5) 35... Rxb6 (35... Nxb6
$143 36. Nc3) 36. a4 (36. Ba3 $5 g5 37. Nd4 Bh3 38. Bf8+ Kh5 39. Rxh7+ Kg4)
36... Rc6 37. Rxb7 {Black's position is definitely lost.}) 33. Bxe6 Bxe6 34.
Rc7+ (34. Nc7 $18) 34... Bf7 35. Qxc4 Re7 (35... Rf8 $142) {[%tqu "En","Find
an immediate win for White.","","","b2f6","",10]} 36. Bxf6+ $1 Kxf6 37. Qc3+
Kf5 38. Nd4+ 1-0

[Event "POL-ch 63rd"]
[Site "Krakow"]
[Date "2006.03.01"]
[Round "5"]
[White "Kempinski, Robert"]
[Black "Bobras, Piotr"]
[Result "1/2-1/2"]
[WhiteElo "2619"]
[BlackElo "2531"]
[Annotator "Krasenkow,M"]
[PlyCount "117"]
[EventDate "2006.02.25"]
[EventType "tourn"]
[EventRounds "13"]
[EventCountry "POL"]
[EventCategory "12"]
[SourceTitle "CBM 112"]
[Source "ChessBase"]
[SourceDate "2006.06.07"]
[SourceVersion "1"]
[SourceVersionDate "2006.06.07"]
[SourceQuality "1"]

1. d4 Nf6 2. c4 g6 3. g3 Bg7 4. Bg2 d5 5. cxd5 Nxd5 6. Nf3 Nb6 7. Nc3 Nc6 8. e3
O-O 9. O-O Re8 10. d5 Na5 11. Nd4 Bd7 12. e4 c6 13. Re1 cxd5 14. exd5 Rc8 15.
Rb1 {This line was examined in CBM 101, annotations to Aronian -
Miroshnichenko.} Nac4 (15... e5 $6 16. dxe6 Bxe6 17. Nxe6 Qxd1 18. Rxd1 Bxc3
19. bxc3 fxe6 20. Rb5 Nac4 21. Bxb7 Rcd8 22. Bf3 Rxd1+ 23. Bxd1 Rd8 24. Bb3 Rd3
25. Rc5 {1-0 Kristjansson,S-Flumbort,A/Budapest 2005/CBM 104 ext}) 16. b3 Nd6
17. Bb2 Rc5 {This way of development was probably evoked by Kamsky's play vs.
Bocharov (see CBM 111). Here it makes more sense as this rook can't be easily
pushed away.} (17... Na8 18. Nce2 (18. a4 $5 Qb6 19. Nce2 Nc7 20. Nf4 Nf5 21.
Nxf5 Bxf5 22. Bxg7 Bxb1 23. Ba1 Bf5 24. g4 Qb4 25. gxf5 Qxf4 26. fxg6 hxg6 27.
Re4 $44 {1/2-1/2 Aronian,L-Rowson,J/Noyon 2005/CBM 105 ext (42)}) 18... Qa5 19.
a4 Nc7 20. Bc3 Qb6 21. Qd2 Nf5 22. Nxf5 Bxf5 $11 {1-0 Aronian,L-Miroshnichenko,
E/Antalya 2004/CBM 101/[Ftacnik] (51)}) (17... Nf5 $5 18. Nxf5 Bxf5 19. Rc1 Bh6
20. f4 Bg7 $11 {Ftacnik}) 18. Qd2 Qc7 19. Ba1 (19. Rbc1 $2 Nbc4 20. bxc4 Nxc4
21. Ncb5 Qb6 22. Rxc4 Rxc4 $17) 19... Rc8 $1 20. Rbc1 Qd8 $11 {Black has
achieved the desired arrangement of pieces.} 21. h3 h5 $1 22. a4 Nf5 23. Nde2
$6 (23. Nxf5 $142 Bxf5 24. Nb5 {aiming to simplifications.}) 23... R8c7 {
Too soft. Black misses a good opportunity to seize the initiative:} (23... Bh6
$142 $1 24. Nf4 (24. f4 {weakens White's kingside}) 24... h4 $36 {>>}) 24. b4
Rc4 25. a5 Nc8 26. Ne4 Rxc1 27. Rxc1 Rxc1+ 28. Qxc1 Bxa1 29. Qxa1 Ncd6 30. Nxd6
Nxd6 31. Qe5 Bb5 $14 {/= Black must now firmly defend but his position is
solid enough and he should not lose.} 32. Nd4 Bc4 33. Bf3 a6 34. Kh2 Qc7 $6 {
An oversight rather than provocation.} (34... Ne8 {[%cal Cg3g4,Cg4h5,Yd8d6]})
35. Bxh5 $1 Nb5 $6 {This leads to a superior endgame for White but it was not
easy to keep cool blood playing} (35... gxh5 $5 36. Nf5 f6 (36... Ne8 37. d6 $1
$18) 37. Nxe7+ Kf8 $1 (37... Kf7 38. Qe6+) (37... Kg7 38. Qxd6 $1 $18) 38.
Qxf6+ Ke8 39. Ng6 (39. Nf5 Nxf5 40. Qxf5 h4 $1) 39... Bxd5 40. Qe5+ Kf7 41. Nf4
({or} 41. Qxh5 Kg7) 41... Bc4 {with a defensible (hm.. hm...) position.}) 36.
Qxc7 Nxc7 37. d6 $1 exd6 38. Bf3 $14 {[%mdl 4096] White's eventual outside
passed pawn on the h-file gives him some winning chances.} d5 $2 {[%mdl 16384]
A grave positional error. Black, with all his pawns on light squares, should
try to exchange the light-squared bishops, whatever problems he might face in
the knight ending:} (38... Bd5 $1 39. Kg2 $5) 39. h4 Kg7 40. Bg2 Ne6 {The
bishop endgame is lost for Black, mostly due to the weakness of his b7 pawn
but also in view of the fact that in most cases White can win by exchanging
the bishops, due to his outside passed pawn. However, what could Black do
instead?} 41. Nxe6+ fxe6 42. f4 $1 d4 (42... Kf6 43. Kg1 e5 44. Kf2 exf4 (44...
Bb3 45. fxe5+ Kxe5 46. Ke3 {[%cal Yg3g4,Yh4h5]}) 45. gxf4 Kf5 46. Kf3 $1 $18 {
[%cal Yg2h3]} (46. Ke3 $2 Kg4)) 43. Bf3 (43. Bxb7 $2 d3 44. Bf3 Bb3 45. b5 axb5
46. a6 d2 47. a7 Bd5 $1 48. Bxd5 (48. Bd1 b4) 48... exd5 49. a8=Q d1=Q 50. Qb7+
Kh6 51. Qxb5 Qc2+ 52. Kg1 d4 $1 53. Qg5+ Kh7 54. Qe7+ Kh6 {and White must give
a perpetual due to Black's strong passed pawn.}) 43... d3 44. Bd1 Kf6 45. Kg2
e5 46. Kf3 Bd5+ 47. Ke3 e4 {An additional plus for White: Black's passed pawns
are blockaded; White's are not.} 48. g4 Kg7 49. g5 Kh7 50. Bg4 Kg7 51. f5 Kf7
52. h5 {White would win more easily with the h- and g-pawns:} (52. fxg6+ Kxg6
53. Kf4 Kf7 54. h5 Bb3 55. Ke3 Be6 (55... Bd5 56. Bf5 Kg7 57. h6+ Kf7 58. g6+
Kf8 59. g7+ Kg8 60. Kd2 $22 Kf7 61. Bh7) 56. g6+ (56. Bd1 Bf5) 56... Kf6 57. g7
$1 Bd5 (57... Bc4 58. Bc8) 58. h6 Kg6 (58... Kf7 59. Bf5 Kg8 60. Kd2 $22) 59.
Bf5+ Kxh6 60. Bxe4 Bc4 61. Bxd3 $18) 52... gxh5 53. Bxh5+ Ke7 54. Bd1 $1 {
A good move. The white king is now free to go to d4 or f4 (not fearing ...Bb3
and ...d3-d2).} Kd6 55. Kd4 Ke7 56. Ke3 $6 {White unexpectedly starts waiting,
which complicates his task.} (56. f6+ Kf7 (56... Kd6 57. g6 Ke6 58. f7 Ke7 59.
Kxd5 $1 e3 60. Bh5 $18) 57. Bh5+ Kg8 (57... Ke6 58. f7 Ke7 59. Kxd5 e3 60. g6
Kf8 61. Ke6 $18) 58. g6 Bb3 59. Ke3 Bd5 60. Bd1 Kf8 61. Kd4 Kg8 62. Kxd5 $1 e3
63. Bb3 $18) 56... Kd6 57. Kd4 Ke7 58. Ba4 $6 (58. f6+) 58... Kf7 59. Bd1 $4 {
Overlooking a threefold repetition after 59...Ke7. To avoid it, White should
play} (59. b5 axb5 60. Bxb5 Bb3 61. Kc3 $1 Bd5 (61... Bc2 62. Bc4+ Kg7 63. Bd5
e3 64. Bxb7 $18) 62. Ba4 Kg7 63. Bd1 $18 {[%cal Yc3d4] then winning like in
the annotation to the 56th move.}) 1/2-1/2